000 00773nam a22001937a 4500
999 _c165750
_d165750
005 20230608104429.0
010 _aUR-10270
020 _a9789387829596
_c400.00
035 _aU-8825
037 _bDBAD/PUB
082 _a840.8
100 _aبٹ نثا ر عز يز
245 _aقر ۃ ا لعين حيد ر کی يا د ميں:حق تو يہ ہے کہ ا دا نہ ہو ا /
_cبٹ نثا ر عز يز
246 _bQurratul-Ain Haider ki Yaad main : Haq to Yeh Hai Ke Haq Ada Na Huwa(Urdu) /
_aby Nisar Aziz Butt
260 _a Delhi
_bEducational Publishing House
_c2018 ء
270 _a3191،Vakil Street,Kucha Pandit,Lal Kuan,
_bDelhi
_e110006
_k23216162
_l00911123211540
300 _a319 ص
_c22cm(Hb)
942 _2ddc
_cUR
_h840.8
_mب ٹ ن